Probabilities of Default and the Market Price of Risk in a Distressed Economy /

We propose an original method to estimate the market price of risk under stress, which is needed to correct for risk aversion the CDS-implied probabilities of distress. The method is based, for simplicity, on a one-factor asset pricing model. The market price of risk under stress (the expectation of...

Celý popis

Podrobná bibliografie
Hlavní autor: Segoviano, Miguel
Další autoři: Espinoza, Raphael
Médium: Časopis
Jazyk:English
Vydáno: Washington, D.C. : International Monetary Fund, 2011.
Edice:IMF Working Papers; Working Paper ; No. 2011/075
On-line přístup:Full text available on IMF
LEADER 01951cas a2200253 a 4500
001 AALejournalIMF007120
008 230101c9999 xx r poo 0 0eng d
020 |c 5.00 USD 
020 |z 9781455227044 
022 |a 1018-5941 
040 |a BD-DhAAL  |c BD-DhAAL 
100 1 |a Segoviano, Miguel. 
245 1 0 |a Probabilities of Default and the Market Price of Risk in a Distressed Economy /  |c Miguel Segoviano, Raphael Espinoza. 
264 1 |a Washington, D.C. :  |b International Monetary Fund,  |c 2011. 
300 |a 1 online resource (14 pages) 
490 1 |a IMF Working Papers 
500 |a <strong>Off-Campus Access:</strong> No User ID or Password Required 
500 |a <strong>On-Campus Access:</strong> No User ID or Password Required 
506 |a Electronic access restricted to authorized BRAC University faculty, staff and students 
520 3 |a We propose an original method to estimate the market price of risk under stress, which is needed to correct for risk aversion the CDS-implied probabilities of distress. The method is based, for simplicity, on a one-factor asset pricing model. The market price of risk under stress (the expectation of the market price of risk, conditional on it exceeding a certain threshold) is computed from the price of risk (which is the variance of the market price of risk) and the discount factor (which is the inverse of the expected market price of risk). The threshold is endogenously determined so that the probability of the price of risk exceeding it is also the probability of distress of the asset. The price of risk can be estimated via different methods, for instance derived from the VIX or from the factors in a Fama-MacBeth regression. 
538 |a Mode of access: Internet 
700 1 |a Espinoza, Raphael. 
830 0 |a IMF Working Papers; Working Paper ;  |v No. 2011/075 
856 4 0 |z Full text available on IMF  |u http://elibrary.imf.org/view/journals/001/2011/075/001.2011.issue-075-en.xml  |z IMF e-Library